Encyclopedia Of Physical Science And Technology (Record no. 577470)

MARC details
000 -LEADER
fixed length control field 01255nam a22001697a 4500
008 - FIXED-LENGTH DATA ELEMENTS--GENERAL INFORMATION
fixed length control field 250726b |||||||| |||| 00| 0 eng d
020 ## - INTERNATIONAL STANDARD BOOK NUMBER
ISBN 9780122274107
Paper back/Hardbound Hardcover
082 ## - DEWEY DECIMAL CLASSIFICATION NUMBER
Classification number 503
Item number MEY.13
100 ## - MAIN ENTRY--AUTHOR NAME
Personal name Edited By Robert A. Meyers
245 ## - TITLE STATEMENT
Title Encyclopedia Of Physical Science And Technology
Statement of responsibility, etc Edited by Robert A. Meyers
250 ## - EDITION STATEMENT
Edition statement (3rd edition)
260 ## - PUBLICATION, DISTRIBUTION, ETC. (IMPRINT)
Place of publication San Diego, California, Usa
Name of publisher Academic Press Inc
Year of publication 2001
300 ## - PHYSICAL DESCRIPTION
Number of Pages 884p
520 ## - SUMMARY, ETC.
Summary, etc This definitive reference set offers nearly 800 articles spanning 16 major subject areas in the physical sciences, including:<br/><br/>🧪 Chemistry, molecular biology, mathematics, engineering, and information processing<br/><br/>🧬 Expanded coverage of biotechnology, nanostructured materials, and smart technologies<br/><br/>🧠 Each article includes glossaries, illustrations, references, and thematic indexing<br/><br/>🌐 Reflects the multidisciplinary and global nature of modern science and technology<br/><br/>🏆 Contributions from Nobel Laureates, journal editors, and international experts<br/><br/>Ideal for university libraries, research institutions, and professionals seeking comprehensive, authoritative insights into the evolving landscape of science and technology.
942 ## - ADDED ENTRY ELEMENTS (KOHA)
Koha item type Reference
Holdings
Withdrawn status Lost status Damaged status Not for loan Home library Current library Shelving location Date acquired Full call number Accession Number Price effective from Koha item type
        Anna Centenary Library Anna Centenary Library 5TH FLOOR, A WING 08.11.2010 503 MEY.13 351324 26.07.2025 Reference

Find us on the map